LEADER 01175nam 2200409 450 001 9910480140303321 005 20200412090936.0 010 $a1-77671-055-X 035 $a(CKB)4100000010349581 035 $a(MiAaPQ)EBC6110815 035 $a(EXLCZ)994100000010349581 100 $a20200412d2020 uy 0 101 0 $aeng 135 $aurcnu|||||||| 181 $ctxt$2rdacontent 182 $cc$2rdamedia 183 $acr$2rdacarrier 200 10$aAUP new poets 6 /$fBen Kemp, Vanessa Crofskey, Chris Stewart ; edited with a foreword by Anna Jackson 210 1$aAuckland, New Zealan :$cAuckland University Press,$d[2020] 210 4$dİ2020 215 $a1 online resource (110 pages) 311 $a1-86940-909-4 606 $aNew Zealand poetry$y21st century 608 $aElectronic books. 615 0$aNew Zealand poetry 676 $a821.92 700 $aKemp$b Ben$0894298 702 $aCrofskey$b Vanessa 702 $aStewart$b Chris 702 $aJackson$b Anna 801 0$bMiAaPQ 801 1$bMiAaPQ 801 2$bMiAaPQ 906 $aBOOK 912 $a9910480140303321 996 $aAUP new poets 6$91997770 997 $aUNINA